Loading...
| History - European | 0 | 4 | 0 | 0 | 40 | 44 | 55.00 | 0 | 4 | 25.37 | 31.25 |
| History - World | 0 | 4 | 0 | 0 | 40 | 48 | 65.75 | 1 | 4 | 20.43 | 32.50 |
| History - Other | 0 | 3 | 0 | 0 | 30 | 47 | 56.33 | 1 | 2 | 18.72 | 25.00 |
| Mythology | 0 | 2 | 0 | 0 | 20 | 18 | 38.50 | 1 | 2 | 16.96 | 22.50 |
| Science - Physics | 0 | 2 | 1 | 0 | 15 | 50 | 55.00 | 0 | 1 | 11.52 | 8.75 |
| Social Science | 0 | 1 | 0 | 0 | 10 | 81 | 81.00 | 0 | 1 | 3.27 | 8.57 |
| History - American | 0 | 1 | 0 | 0 | 10 | 64 | 64.00 | 0 | 1 | 4.50 | 7.50 |
| Science - Chemistry | 0 | 1 | 0 | 0 | 10 | 48 | 48.00 | 1 | 1 | 7.19 | 12.50 |
| Science - Other | 0 | 1 | 0 | 0 | 10 | 33 | 33.00 | 0 | 0 | 8.38 | 5.00 |
| Geography | 0 | 1 | 0 | 0 | 10 | 91 | 91.00 | 0 | 0 | 5.08 | 8.00 |